[Event "ROM-ch"]
[Site "Herculane"]
[Date "1996.??.??"]
[Round "1"]
[White "Teodorescu, Florin Cornel"]
[Black "Florean, Andrei"]
[Result "0-1"]
[WhiteElo "2320"]
[BlackElo "2375"]

1.e4 c5 2.Nf3 d6 3.Bb5+ Bd7 4.Bxd7+ Nxd7 5.d4 cxd4 6.Qxd4 Ngf6 7.Nc3 g6 8.Be3 Bg7
9.Qd2 O-O 10.O-O a6 11.Bh6 Rc8 12.Bxg7 Kxg7 13.Rfe1 Rc5 14.Qd4 Qc7 15.Re2 Rc4
16.Qe3 b5 17.Nd2 Rc6 18.a3 Rc8 19.h3 Qb6 20.Qxb6 Nxb6 21.e5 dxe5 22.Rxe5 e6
23.Kf1 Na4 24.Nxa4 Rxc2 25.Nc3 Rxd2 26.Re2 Rxe2 27.Kxe2 Kf8 28.Rd1 Ke7 29.Rd4 e5
30.Rb4 Kd6 31.Kd3 Kc6 32.f4 Rd8+ 33.Ke3 Nd5+ 34.Nxd5 Rxd5 35.a4 Kc5 36.Re4 exf4+
37.Rxf4 f5 38.axb5 axb5 39.b4+ Kd6 40.h4 Ke5 41.g3 Rd1 42.Rf2 Rb1 43.Ra2 Rxb4
44.Ra7 h5 45.Ra6 Rg4 46.Kf3 Kd5  0-1

[Event "ROM-ch"]
[Site "Herculane"]
[Date "1996.??.??"]
[Round "7"]
[White "Lupu, Mircea Sergiu"]
[Black "Istratescu, Andrei"]
[Result "1/2-1/2"]
[WhiteElo "2480"]
[BlackElo "2535"]

1.e4 c5 2.Nf3 d6 3.Bb5+ Bd7 4.Bxd7+ Qxd7 5.O-O Nc6 6.c4 Nf6 7.Nc3 Ne5 8.d3 e6
9.Bf4 Nxf3+ 10.Qxf3 Be7 11.Rad1 Qc6 12.Qh3  1/2-1/2

[Event "ROM-ch"]
[Site "Herculane"]
[Date "1996.??.??"]
[Round "15"]
[White "Ardeleanu, Alin"]
[Black "Nevednichy, Vladislav"]
[Result "1/2-1/2"]
[WhiteElo "2420"]
[BlackElo "2525"]

1.e4 c5 2.Nf3 d6 3.Bb5+ Bd7 4.Bxd7+ Qxd7 5.c4 Nc6 6.O-O Nf6 7.Nc3 g6 8.d4 cxd4
9.Nxd4 Bg7 10.Nde2 O-O 11.f3 b6 12.Be3 Rfd8 13.b3 Qb7  1/2-1/2

[Event "Hlohovec op"]
[Site "Hlohovec"]
[Date "1996.??.??"]
[Round "5"]
[White "Svobodova, Michaela"]
[Black "Horvath, Mario"]
[Result "1/2-1/2"]
[WhiteElo "2150"]
[BlackElo "2195"]

1.e4 c5 2.Nf3 d6 3.Bb5+ Bd7 4.Bxd7+ Qxd7 5.c4 Nc6 6.Nc3 Ne5 7.Nxe5 dxe5 8.Qh5 Qd4
9.Qe2 e6 10.d3 Qd7 11.O-O Bd6 12.f4 exf4 13.e5 Bc7 14.Bxf4 Ne7 15.Ne4 b6
16.Rae1 Ng6 17.Bg3 Qd4+ 18.Kh1 Bxe5 19.Ng5 Bxg3 20.hxg3 O-O 21.Rxf7 Rxf7
22.Nxf7 e5 23.Ng5 Qd6 24.Rf1 h6 25.Ne4 Qe6 26.Qh5 Rf8 27.Rxf8+ Nxf8 28.g4 Nh7
29.Kh2 Nf6 30.Nxf6+ Qxf6 31.Qe8+ Kh7 32.Qd7 Qh4+  1/2-1/2

[Event "Hessen-ch"]
[Site "Hofbieber"]
[Date "1996.??.??"]
[Round "6"]
[White "Cicak, Slavko"]
[Black "Kersten, Uwe"]
[Result "0-1"]
[WhiteElo "2425"]
[BlackElo "2285"]

1.e4 c5 2.Nf3 d6 3.Bb5+ Nd7 4.a4 Nf6 5.Nc3 a6 6.Bc4 e6 7.O-O Be7 8.d4 cxd4
9.Nxd4 O-O 10.Bxe6 fxe6 11.Nxe6 Qa5 12.Nxf8 Bxf8 13.f4 Qc5+ 14.Kh1 b6 15.e5 dxe5
16.Qf3 Ra7 17.Be3 Qc7 18.a5 Bb7 19.axb6 Nxb6 20.Qh3 Qc6 21.Bxb6 Qxb6 22.fxe5 Nd7
23.Rad1 Nxe5 24.Rde1 Ng6 25.Re3 Qc5 26.Re8 Qc6 27.Re6 Qc5 28.Re8 Qc6 29.Ne4 Qxe8
30.Ng5 h5 31.Qb3+ Kh8 32.Nf7+ Kh7 33.Ng5+ Kh6 34.Nf7+ Kh7 35.Ng5+ Kh6 36.Ne6 Be7
37.Qe3+ Kh7 38.Qxa7 Qc6 39.Rg1 Nh4 40.Nd4 Qd5 41.c4 Qe4  0-1

[Event "HUN-chT2 9596"]
[Site "HUN"]
[Date "1996.??.??"]
[Round "8"]
[White "Kotan, Ladislav"]
[Black "Sziraki, Tamas"]
[Result "1-0"]
[WhiteElo "2350"]
[BlackElo "2255"]

1.e4 c5 2.Nf3 d6 3.Bb5+ Bd7 4.Bxd7+ Qxd7 5.O-O Nc6 6.c4 Nf6 7.Nc3 g6 8.d3 Bg7
9.h3 O-O 10.Be3 Rab8 11.Qd2 a6 12.Bh6 b5 13.b3 Qb7 14.Nh4 Nd4 15.Bxg7 Kxg7
16.Rae1 b4 17.Ne2 Nxe2+ 18.Rxe2 a5 19.Qg5 Ng8 20.e5 f6 21.exf6+ Rxf6 22.f4 Rbf8
23.Rf3 e6 24.Qg3 Qf7 25.Qe1 Ne7 26.Rff2 Nc6 27.Nf3 h6 28.Re4 Nd8 29.Nh2 g5
30.g3 Qh5 31.Ng4 R6f7 32.Kh2 Qg6 33.fxg5 hxg5 34.Rxf7+ Rxf7 35.d4 cxd4 36.Rxd4 Nb7
37.Ne3 Rf3 38.Rg4 Qd3 39.Ng2 Qf5 40.Qd2 Kf6 41.Qd4+ e5 42.Qd5 Rf1 43.Qg8 Ra1
44.Qh8+ Ke6 45.h4 Qb1 46.Qe8+ Kf6 47.Qf8+ Ke6 48.Qc8+ Kf6 49.hxg5+ Kg7 50.Qxb7+ Kg8
51.Qc8+ Kg7 52.Qc7+ Kg8 53.Qc8+ Kg7 54.Qb7+ Kg8 55.Qa8+ Kg7 56.Ne3 Qg1+ 57.Kh3 Qxe3
58.Rh4 Qxg5 59.Qh8+  1-0

[Event "HUN-chT1 9697"]
[Site "Hungary"]
[Date "1996.??.??"]
[Round "4"]
[White "Szuk, Balazs"]
[Black "Groszpeter, Attila"]
[Result "0-1"]
[WhiteElo "2340"]
[BlackElo "2565"]

1.e4 c5 2.Nf3 d6 3.Bb5+ Bd7 4.Bxd7+ Nxd7 5.O-O Ngf6 6.Qe2 e6 7.c3 Be7 8.d4 cxd4
9.cxd4 O-O 10.Nc3 Nb6 11.b3 Rc8 12.Bb2 d5 13.e5 Nfd7 14.Nb5 Ra8 15.Rac1 Nc8
16.Qc2 a6 17.Na3 Na7 18.Qc7 Rb8 19.Qxd8 Rfxd8 20.Ne1 Nc6 21.Nd3 Bxa3 22.Bxa3 Nxd4
23.Rfe1 Rbc8 24.Bb2 Nc6 25.Rc2 Na7 26.Rec1 Rxc2 27.Rxc2 Rc8 28.Rxc8+ Nxc8
29.f3 f6 30.Kf2 Kf7 31.Ke3 Ne7 32.g4 f5 33.Ba3 fxg4 34.fxg4 Nc6 35.Bb2 b6
36.Bd4 g5 37.a4 a5 38.h3 Ke8 39.Bc3 Nc5 40.Nxc5 bxc5 41.Bb2 Kd7 42.Ba3 Nxe5
43.Bxc5 Nc6 44.Bf8 e5 45.Bh6 Nd4 46.Bxg5 Nxb3 47.Bf6 Ke6 48.Bd8 d4+ 49.Ke4 Nc5+
50.Kf3 Nxa4 51.Bxa5 Nc5 52.h4 e4+ 53.Kf4 Kd5 54.g5 Ne6+ 55.Kg4 d3 56.Bd2 Kd4  0-1

[Event "Hyvinkaa op"]
[Site "Hyvinkaa"]
[Date "1996.??.??"]
[Round "3"]
[White "Kulaots, Kaido"]
[Black "Kiltti, Jyrki"]
[Result "1-0"]
[WhiteElo "2400"]
[BlackElo "2235"]

1.e4 c5 2.Nf3 d6 3.Bb5+ Nd7 4.d4 a6 5.Bxd7+ Bxd7 6.O-O cxd4 7.Qxd4 Nf6 8.Nc3 e6
9.e5 dxe5 10.Nxe5 Qc7 11.Bf4 Bc5 12.Nxd7 Nxd7 13.Qxg7  1-0

[Event "Imperia op"]
[Site "Imperia"]
[Date "1996.??.??"]
[Round "2"]
[White "Nurkic, Sahbaz"]
[Black "Vismara, Daniele"]
[Result "1-0"]
[WhiteElo "2405"]
[BlackElo "2155"]

1.e4 c5 2.Nf3 d6 3.Bb5+ Bd7 4.a4 a6 5.Bxd7+ Qxd7 6.O-O Nc6 7.c3 Nf6 8.Re1 e6
9.d3 Be7 10.Bg5 O-O 11.Nbd2 b5 12.d4 cxd4 13.cxd4 Rfc8 14.Qb3 Na5 15.Qd3 h6
16.Bxf6 Bxf6 17.e5 dxe5 18.Ne4 Nc6 19.Nxf6+ gxf6 20.Qe3 Kh7 21.dxe5 f5 22.Rad1 Qb7
23.axb5 axb5 24.Rd6 Rg8 25.g3 Rgd8 26.Red1 Rxd6 27.exd6 Nb4 28.Ne5 Nd5 29.Qf3 f6
30.Nd3 Qd7 31.Nf4 Nb6 32.Qe3 e5 33.Qxb6 exf4 34.Rc1 f3 35.Qe3 Qxd6 36.Qxf3 Rd8
37.Qxf5+ Kg7 38.Qxb5 Rb8 39.Qe2  1-0

[Event "Imperia op"]
[Site "Imperia"]
[Date "1996.??.??"]
[Round "2"]
[White "Di Paolo, Raffaele"]
[Black "Marinescu, Marian"]
[Result "1/2-1/2"]
[WhiteElo "2285"]
[BlackElo "2130"]

1.e4 c5 2.Nf3 d6 3.Bb5+ Bd7 4.Bxd7+ Qxd7 5.O-O Nc6 6.c3 g6 7.d4 cxd4 8.cxd4 Bg7
9.Nc3 Nf6 10.d5 Ne5 11.Nxe5 dxe5 12.Bg5 O-O 13.Bxf6 Bxf6 14.Qd2 Qd6 15.Rac1 Rac8
16.Nb5 Qb6 17.Na3 Qa6 18.g3 Kg7 19.Kg2 h6 20.h4 h5 21.Rxc8 Rxc8 22.Rc1 Rxc1
23.Qxc1 Qe2 24.Qc2 Qg4 25.f3 Qd7 26.Qc4 a6 27.Nc2 g5 28.hxg5 Bxg5 29.Qc3 Qb5
30.Kf2 Qb6+ 31.Kf1 Qb5+ 32.Ke1 h4 33.f4 h3 34.Ne3 h2 35.Qxe5+ Bf6 36.Qh5 Qb4+
37.Ke2 Qxe4 38.Qxh2 Bxb2 39.Qg2 Qb1 40.a4 Bd4 41.Kf3 Bxe3 42.Kxe3 Qb3+ 43.Kf2 Qxa4
44.Kg1 Qd4+ 45.Kh2 a5 46.Qf3 Qf6 47.Qg4+ Kh7 48.Qd7 b6 49.Kg1 Kg7 50.Kg2 Qd6
51.Qg4+ Qg6 52.Qd7 Qe4+ 53.Kf2 a4 54.Qg4+ Qg6 55.Qd1 b5 56.Qd4+ Kh7 57.Qc5 Qd3
58.Qxe7 Qxd5 59.g4 Kg7 60.f5 Qd4+ 61.Kf3 Qf6 62.Qb4 Qe5 63.Qd2 Kf6 64.Qd8+ Kg7
65.Qg5+ Kf8 66.Qd8+ Kg7 67.Qg5+  1/2-1/2

[Event "Imperia op"]
[Site "Imperia"]
[Date "1996.??.??"]
[Round "4"]
[White "Di Paolo, Raffaele"]
[Black "Dinser, Hans"]
[Result "1-0"]
[WhiteElo "2285"]
[BlackElo "2155"]

1.e4 c5 2.Nf3 d6 3.Bb5+ Nc6 4.O-O a6 5.Bxc6+ bxc6 6.e5 d5 7.h3 e6 8.d3 Ne7
9.Re1 Ng6 10.b3 Be7 11.Bb2 O-O 12.Nc3 Bd7 13.Qd2 Qa5 14.Nxd5 Qd8 15.Nxe7+ Nxe7
16.Ba3 f5 17.Bxc5 Re8 18.Qg5 h6 19.Qh4 Ng6 20.Qxd8 Rexd8 21.g3 Kf7 22.Nd2 Nh8
23.Nc4 Rab8 24.Bb6 Rg8 25.Bc7 Rbf8 26.Nd6+ Kg6 27.d4 Nf7 28.Nb7 Ng5 29.Red1 Nxh3+
30.Kg2 Ng5 31.Nc5 Bc8 32.f4 Nf7 33.c4 Nd8 34.Bxd8 Rxd8 35.b4 Kf7 36.a4 g5
37.fxg5 Rxg5 38.b5 axb5 39.axb5 cxb5 40.Ra7+ Ke8 41.cxb5 Rg4 42.Rc7 f4 43.Rd3 h5
44.Ne4 Kf8 45.Nf6 Rxg3+ 46.Rxg3 fxg3 47.Kxg3 h4+ 48.Kxh4 Rxd4+ 49.Kg5 Rd1
50.Rxc8+ Kf7 51.Rc7+ Kf8 52.b6 Rg1+ 53.Ng4  1-0

[Event "Imperia op"]
[Site "Imperia"]
[Date "1996.??.??"]
[Round "8"]
[White "Di Paolo, Raffaele"]
[Black "Hitzgerova, Gabriela"]
[Result "0-1"]
[WhiteElo "2285"]
[BlackElo "2125"]

1.e4 c5 2.Nf3 d6 3.Bb5+ Bd7 4.Bxd7+ Qxd7 5.O-O Nc6 6.c3 Nf6 7.d4 cxd4 8.cxd4 d5
9.e5 Ne4 10.Ne1 h6 11.h4 g5 12.Be3 gxh4 13.Qh5 Rg8 14.Qxh4 Qf5 15.Nc3 Nxc3
16.bxc3 e6 17.f3 Na5 18.Qf4 Qg6 19.Bf2 Nc4 20.Bh4 h5 21.Qf6 Qxf6 22.exf6 Ne3
23.Nd3  0-1

[Event "Imperia op"]
[Site "Imperia"]
[Date "1996.??.??"]
[Round "8"]
[White "Bancod, Ronald"]
[Black "Ortega, Lexy"]
[Result "1-0"]
[WhiteElo "2400"]
[BlackElo "2495"]

1.e4 c5 2.Nf3 d6 3.Bb5+ Nd7 4.O-O Nf6 5.Re1 e6 6.c3 a6 7.Bf1 Be7 8.d4 e5
9.dxe5 dxe5 10.a4 b6 11.Nbd2 Bb7 12.h3 O-O 13.Nh2 Bc6 14.Ng4 b5 15.b3 Qc7
16.Ne3 Rfd8 17.Qf3 Qb7 18.c4 bxa4 19.Nd5 Nf8 20.Bb2 Ng6 21.Bc3 axb3 22.Rab1 Nxd5
23.cxd5 Bb5 24.Rxb3 Bd6 25.Nc4 Rab8 26.Reb1 Qe7 27.Na5 Qd7 28.Qg4 f5 29.exf5 Ne7
30.Nc4 Bxc4 31.Rxb8 Rxb8 32.Rxb8+ Bxb8 33.Bxc4 Bd6 34.f4  1-0

[Event "ISR-chT"]
[Site "Israel"]
[Date "1996.??.??"]
[Round "3"]
[White "Gruenfeld, Yehuda"]
[Black "Alterman, Boris"]
[Result "1/2-1/2"]
[WhiteElo "2520"]
[BlackElo "2585"]

1.e4 c5 2.Nf3 d6 3.Bb5+ Bd7 4.Bxd7+ Qxd7 5.O-O Nc6 6.c3 Nf6 7.d4 Nxe4 8.d5 Ne5
9.Re1 Nxf3+ 10.Qxf3 Nf6 11.c4 e5 12.dxe6 fxe6 13.Bg5 Be7 14.Nc3 h6 15.Bxf6 O-O
16.Qh3 Bxf6 17.Qxe6+ Qxe6 18.Rxe6 Bxc3 19.bxc3 Rae8 20.Rxd6 Re2 21.f3 Rfe8
22.h4 Kh7 23.Rd7 Rb2 24.Kh2 Ree2 25.Rg1 Rxa2 26.Rxb7 Ra4 27.Kh3 h5 28.Rd1 Raa2
29.Rd5 Rxg2 30.Rxh5+ Kg6 31.Rxc5 Rh2+ 32.Kg3 Rag2+ 33.Kf4 Rxh4+ 34.Ke3 Rc2
35.Rc6+ Kh7 36.Kd3 Rf2 37.Rf7 Rh3 38.Ke4 Re2+ 39.Kd4 Rd2+ 40.Ke5 Rd3 41.Rcc7 Rg3
42.Rxa7 Rxc3 43.Kd4 Rc1 44.f4 Rd1+ 45.Kc5 Rc1 46.Rac7 Kh6 47.Rc6+ Kh7 48.Rd6 Rgc3
49.Rd4 Ra3 50.Rb7 Ra5+ 51.Rb5 Ra8 52.Rb6 Rc8+ 53.Rc6 Rf8 54.Rcd6 Rc8+ 55.Kd5 Rf8
56.Rd7 Rf5+ 57.Kc6 Rf6+ 58.Kd5 Rf5+ 59.Kd6 Rf6+ 60.Kc7 Rf5 61.Kc6 Rf6+ 62.R7d6 Rf8
63.Kd7 Rf7+ 64.Ke6 Rf6+ 65.Ke5 Re1+ 66.Kd5 Rf5+ 67.Kc6 Rc1 68.R6d5 Rf6+ 69.Kc5 Rf8
70.Kd6 Rd8+ 71.Ke7 Rc8  1/2-1/2

[Event "ISR-chT"]
[Site "Israel"]
[Date "1996.??.??"]
[Round "8"]
[White "Golod, Vitali"]
[Black "Berkovich, Mark A"]
[Result "1-0"]
[WhiteElo "2555"]
[BlackElo "2390"]

1.e4 c5 2.Nf3 d6 3.Bb5+ Bd7 4.c4 Nf6 5.Nc3 Nc6 6.O-O g6 7.Re1 Bg7 8.Bxc6 Bxc6
9.d4 cxd4 10.Nxd4 O-O 11.b3 e6 12.Bb2 Qd7 13.Qe2 Rfd8 14.Rad1 b6 15.e5 Ne8
16.exd6 Bb7 17.Nf3 Bxf3 18.Qxf3 Nxd6 19.Ba3 Qb7 20.Qd3 Qc6 21.Ne4 Nb7 22.Qf3 Qc7
23.Nf6+ Kh8 24.Bb2 Rxd1 25.Rxd1 Rd8 26.Re1 Nc5 27.Be5 Qe7 28.Nd5 Qf8 29.Bxg7+ Qxg7
30.Nf6 Qh6 31.Ng4 Qg7 32.Ne5 f6 33.b4 fxe5 34.bxc5 bxc5 35.g3 h6 36.Qc6 Qe7
37.Rxe5 Rd1+ 38.Kg2 Qf6 39.Qc8+ Kg7 40.Rxe6  1-0

[Event "Jakarta"]
[Site "Jakarta"]
[Date "1996.??.??"]
[Round "?"]
[White "Tkachiev, Vladislav"]
[Black "Gunawan, Ronny"]
[Result "1/2-1/2"]
[WhiteElo "2620"]
[BlackElo "2425"]

1.e4 c5 2.Nf3 d6 3.Bb5+ Bd7 4.Bxd7+ Nxd7 5.O-O Ngf6 6.Qe2 Rc8 7.c3 e6 8.d4 cxd4
9.cxd4 d5 10.e5 Ng8 11.Nc3 Ne7 12.Re1 a6 13.Bf4 Nb6 14.Rac1 Nc6 15.Red1 Be7
16.Ne1 Bg5  1/2-1/2

[Event "Jakarta m1"]
[Site "Jakarta"]
[Date "1996.??.??"]
[Round "1"]
[White "Tkachiev, Vladislav"]
[Black "Suhendra, Andi Supardi"]
[Result "1-0"]
[WhiteElo "2620"]
[BlackElo "2255"]

1.e4 c5 2.Nf3 d6 3.Bb5+ Nd7 4.d4 cxd4 5.Qxd4 Nf6 6.Bg5 a6 7.Bxd7+ Nxd7 8.Nc3 f6
9.Be3 Ne5 10.Nd5 Bg4 11.Qb4 Bxf3 12.gxf3 Rc8 13.f4 e6 14.Nb6 Rc6 15.fxe5 d5
16.Qa4 fxe5 17.exd5 exd5 18.Qa5 Bd6 19.Qxd5  1-0

[Event "Jakarta m3"]
[Site "Jakarta"]
[Date "1996.??.??"]
[Round "1"]
[White "Tkachiev, Vladislav"]
[Black "Suhendra, Andi Supardi"]
[Result "1-0"]
[WhiteElo "2620"]
[BlackElo "2255"]

1.e4 c5 2.Nf3 d6 3.Bb5+ Nd7 4.d4 Nf6 5.Nc3 a6 6.Bxd7+ Nxd7 7.O-O cxd4 8.Qxd4 e6
9.Rd1 Qc7 10.Bf4 e5 11.Nd5 Qb8 12.Qc3 exf4 13.Nc7+ Kd8 14.Nxa8 Qxa8 15.e5 Be7
16.exd6 Bf6 17.Qc7+ Ke8 18.Re1+ Kf8 19.Re7 Bxe7 20.dxe7+ Kxe7 21.Re1+ Kf8
22.Qd8+  1-0

[Event "ISR-ch"]
[Site "Jerusalem"]
[Date "1996.??.??"]
[Round "6"]
[White "Oratovsky, Michael"]
[Black "Nor, Igal"]
[Result "1/2-1/2"]
[WhiteElo "2485"]
[BlackElo "2295"]

1.e4 c5 2.Nf3 d6 3.Bb5+ Bd7 4.Bxd7+ Qxd7 5.c4 Nc6 6.Nc3 g6 7.d4 cxd4 8.Nxd4 Bg7
9.Be3 Nf6 10.f3 O-O 11.O-O Qc7 12.b3 Qb6 13.Qd3 Ng4 14.Nd5 Nb4 15.Nxb6 Nxd3
16.fxg4 axb6 17.a4 Nc5 18.Ra3 Nxe4 19.Nb5 Nc3 20.Bxb6  1/2-1/2

[Event "Jyvaskyla op2"]
[Site "Jyvaskyla"]
[Date "1996.??.??"]
[Round "6"]
[White "Raaste, Eero J"]
[Black "Gurevich, Vladimir"]
[Result "1/2-1/2"]
[WhiteElo "2355"]
[BlackElo "2445"]

1.e4 c5 2.Nf3 d6 3.Bb5+ Bd7 4.Bxd7+ Qxd7 5.c4 Nc6 6.O-O Nf6 7.Nc3 e6 8.d4 cxd4
9.Nxd4 Be7 10.b3 O-O 11.Be3 Rfc8 12.f4 a6 13.a4 Qc7 14.Rc1 Qa5 15.h3 Re8
16.f5 Qe5 17.Nf3 Qa5 18.Nd4 Qe5 19.Nf3  1/2-1/2

[Event "Jyvaskyla op2"]
[Site "Jyvaskyla"]
[Date "1996.??.??"]
[Round "7"]
[White "Rytshagov, Mikhail"]
[Black "Veingold, Aleksandr"]
[Result "1/2-1/2"]
[WhiteElo "2495"]
[BlackElo "2425"]

1.e4 c5 2.Nf3 d6 3.Bb5+ Bd7 4.Bxd7+ Nxd7 5.O-O Ngf6 6.Re1 e6 7.c3 Be7 8.d4 O-O
9.Bg5 h6 10.Bh4 Rc8 11.Nbd2 cxd4  1/2-1/2

[Event "Koszalin op"]
[Site "Koszalin"]
[Date "1996.??.??"]
[Round "2"]
[White "Ehrenfeucht, Wojciech"]
[Black "Sher, Miron N"]
[Result "0-1"]
[WhiteElo "2360"]
[BlackElo "2500"]

1.e4 c5 2.Nf3 d6 3.Bb5+ Nc6 4.d4 cxd4 5.Qxd4 Bd7 6.Bxc6 Bxc6 7.Nc3 e6 8.Bg5 Nf6
9.O-O-O Be7 10.Rhe1 O-O 11.Qd2 h6 12.h4 hxg5 13.hxg5 Nh7 14.Rh1 Nxg5 15.Nxg5 Bxg5
16.f4 Bh6 17.g4 f6 18.Rdg1 e5 19.g5 fxg5 20.f5 Qf6 21.Kb1 Rad8 22.Qg2 Qe7
23.Qf3 b5 24.Rd1 a6 25.Rh3 Bb7 26.Nd5 Bxd5 27.Rxd5 Rc8 28.Rh1 Rc4 29.Qd3 Rf6
30.Rd1 Kh7  0-1

[Event "SLO-ch U18"]
[Site "Kranj"]
[Date "1996.??.??"]
[Round "7"]
[White "Ivanovic, Andrej"]
[Black "Starcic, Tadej"]
[Result "0-1"]
[WhiteElo "1880"]
[BlackElo "1895"]

1.e4 c5 2.Nf3 d6 3.Bb5+ Bd7 4.Bxd7+ Qxd7 5.O-O Nf6 6.Re1 Nc6 7.c4 g6 8.b3 Bg7
9.Bb2 e5 10.Nc3 O-O 11.d3 Ne8 12.a3 f5 13.Nd5 Nd4 14.Nxd4 cxd4 15.Bc1 Nf6
16.f3 Nxd5 17.exd5 Bf6 18.Bd2 g5 19.g4 h5 20.h3 hxg4 21.hxg4 Rf7 22.Kg2 Re8
23.Qe2 fxg4 24.fxg4 e4 25.dxe4 d3 26.Qxd3 Qxg4+ 27.Qg3 Qxg3+ 28.Kxg3 Bxa1
29.Rxa1 Rxe4 30.Bxg5 Rf5 31.Bd8 Kf7 32.Rh1 Ke8 33.Ba5 Re7 34.Rh8+ Rf8 35.Rh6 Rg7+
36.Kh2 Rfg8 37.Bb4 Rg6 38.Rxg6 Rxg6 39.c5 Kd7 40.cxd6 Rxd6 41.Bxd6 Kxd6 42.Kg2 Kxd5
43.Kf2 Kd4 44.Ke2 Kc3 45.b4 b5  0-1

[Event "Krasnodar op"]
[Site "Krasnodar"]
[Date "1996.??.??"]
[Round "4"]
[White "Zakharov, Alexander S"]
[Black "Tseshkovsky, Vitaly"]
[Result "1/2-1/2"]
[WhiteElo "2300"]
[BlackElo "2540"]

1.e4 c5 2.Nf3 d6 3.Bb5+ Nc6 4.O-O Bd7 5.c3 Nf6 6.Re1 a6 7.Bf1 e5 8.h3 Be7
9.d4 O-O 10.d5 Nb8 11.a4 Ne8 12.Qb3 b6 13.Nbd2 Bc8 14.Nc4 Nd7 15.Qc2 Qc7
16.Bd3 Kh8 17.Kh2 g6 18.Bh6 Ng7 19.b4 Rb8 20.Rab1 cxb4 21.cxb4 Bb7 22.Rbc1 Rbc8
23.Qb1 Qb8 24.Ne3 Rxc1  1/2-1/2

[Event "La Coruna op"]
[Site "La Coruna"]
[Date "1996.??.??"]
[Round "?"]
[White "Rodriguez Lopez, Rafael"]
[Black "Garcia Melgar, Juan Pablo"]
[Result "1-0"]
[WhiteElo "2410"]
[BlackElo "2245"]

1.Nf3 d6 2.e4 c5 3.Bb5+ Nd7 4.O-O Nf6 5.Re1 a6 6.Bf1 e6 7.c3 Be7 8.d4 O-O
9.Bf4 b6 10.Nbd2 cxd4 11.cxd4 Bb7 12.Bd3 h6 13.h3 Re8 14.Nf1 e5 15.Bh2 exd4
16.Nxd4 Nc5 17.Ng3 Bf8 18.f3 d5 19.e5 Nfd7 20.f4 Nxd3 21.Qxd3 Nc5 22.Qf3 Ne4
23.Rad1 b5 24.Kh1 Qb6 25.Bg1 Qc7 26.Ngf5 g6 27.Ne3 Qe7 28.Bh2 Bg7 29.Rf1 Kh7
30.Ng4 h5 31.Nf2 Qb4 32.Nb3 Rac8 33.Nd3 Qe7 34.f5 Qh4 35.e6 Ng5 36.Qf4 Qxf4
37.Bxf4 Ne4 38.exf7 Rf8 39.fxg6+ Kxg6 40.Be5 Rxf7 41.Rxf7 Kxf7 42.Bxg7 Kxg7
43.Kg1 Rc7 44.Nd4 Rc4 45.Nf4 Kh6 46.h4 Bc8 47.b3 Rc5 48.Re1 Nf6 49.Kf2 Rc7
50.Ke3 Bg4 51.a3 Kh7 52.Kd3 Kg8 53.Re5 Rc1 54.Nxd5 Kf7 55.Nxf6 Kxf6 56.Rd5 Rg1
57.Ke4 Rxg2 58.Rd6+ Ke7 59.Rxa6 Bd7 60.Nf5+ Kf7 61.Ra7 Ke6 62.Nd4+ Kd6 63.Ra6+ Kc5
64.b4+ Kc4 65.Rd6 Be8 66.Nf5 Bg6 67.Kf3 Bxf5 68.Kxg2 Kb3 69.Kg3  1-0

[Event "La Coruna op"]
[Site "La Coruna"]
[Date "1996.??.??"]
[Round "?"]
[White "Iglesias, F."]
[Black "Permuy, Carlos"]
[Result "0-1"]
[WhiteElo "2025"]
[BlackElo "2315"]

1.e4 c5 2.Nf3 d6 3.Bb5+ Bd7 4.Bxd7+ Qxd7 5.O-O Nf6 6.Re1 Nc6 7.d4 cxd4 8.Nxd4 e6
9.c4 Be7 10.Nc3 O-O 11.b3 Rac8 12.Ba3 Rfd8 13.Qd2 a6 14.f4 Qc7 15.Re3 Nxd4
16.Qxd4 Ng4 17.Rg3 Bf6 18.Qd2 Qb6+ 19.Kf1 Bxc3 20.Rxc3 Nxh2+ 21.Ke2 Ng4 22.Kf3 Nf6
23.Rd3 Qc6 24.Re1 Nxe4 25.Rxe4 f5 26.Rxd6 Rxd6 27.Bxd6 Rd8 28.c5 Qxe4+ 29.Kf2 e5  0-1

[Event "Laguna olm blind"]
[Site "Laguna"]
[Date "1996.??.??"]
[Round "9"]
[White "Atanasov, Radislav"]
[Black "Berlinsky, Vladimir"]
[Result "0-1"]
[WhiteElo "2265"]
[BlackElo "2255"]

1.e4 c5 2.Nf3 d6 3.Bb5+ Nc6 4.O-O Bg4 5.Bxc6+ bxc6 6.d3 g6 7.Nbd2 Bg7 8.h3 Bc8
9.Nc4 Ba6 10.Re1 e6 11.c3 Ne7 12.e5 dxe5 13.Nfxe5 O-O 14.Qf3 Qd5 15.Bf4 f6
16.Qxd5 Nxd5 17.Nxg6 hxg6 18.Bd6 Rfe8 19.Bxc5 Nf4 20.Nd6 Nxd3 21.Nxe8 Rxe8
22.Red1 Nxc5 23.Rd6 Bb7 24.b4 Ne4 25.Rd7 Bc8 26.Rxa7 Nxc3 27.a4 f5 28.Ra3 Bd4
29.Rc7 Ne4 30.a5 Bxf2+ 31.Kh1 Rd8 32.Ra1 Bd4 33.Rb1 Nf2+ 34.Kg1 Nxh3+ 35.Kf1 Ba6+
36.Ke1 Bf2+  0-1

[Event "CUB-ch"]
[Site "Las Tunas"]
[Date "1996.??.??"]
[Round "10"]
[White "Gonzalez, Renier"]
[Black "Herrera, Irisberto"]
[Result "1/2-1/2"]
[WhiteElo "2450"]
[BlackElo "2475"]

1.e4 c5 2.Nf3 d6 3.Bb5+ Nd7 4.a4 Nf6 5.d3 g6 6.O-O Bg7 7.e5 dxe5 8.Nxe5 O-O
9.Nxd7 Nxd7 10.a5 a6 11.Bxd7 Bxd7 12.Nd2 Bc6 13.Nc4 Qd5 14.f3 Rad8 15.Qe2 Bb5
16.Nb6 Qd4+ 17.Kh1 Qh4 18.Rb1 Rd6 19.Be3 Re6 20.Qf2 Qxf2 21.Bxf2 Bd4 22.Bxd4 cxd4
23.Rfe1 Rc6 24.Rbc1 e6 25.Kg1 Rd8 26.Kf2 Rc5 27.Ke2 h5 28.h4 Kg7 29.Kd2 Kf6
30.Re2 g5 31.hxg5+ Rxg5 32.Rh1 e5 33.Rh4 Rf5 34.Rh2 Kg6 35.Nc4 f6 36.Na3 Bc6
37.c4 dxc3+ 38.bxc3 e4 39.fxe4 Rxa5 40.Nc2 Ra2 41.Ke3 Bd7 42.Nd4 Ra3 43.c4 Rc8  1/2-1/2

[Event "Leiner op"]
[Site "Leiner"]
[Date "1996.??.??"]
[Round "7"]
[White "Grosar, Aljosa"]
[Black "Schweda, Roland"]
[Result "1/2-1/2"]
[WhiteElo "2470"]
[BlackElo "2330"]

1.e4 c5 2.Nf3 d6 3.Bb5+ Bd7 4.Bxd7+ Qxd7 5.O-O Nf6 6.e5 dxe5 7.Nxe5 Qc7 8.d4 e6
9.Bf4 Bd6 10.Na3 a6 11.Nac4 Nc6 12.Bg3 Bxe5 13.Bxe5 Nxe5 14.dxe5 Nd7 15.Nd6+ Ke7
16.f4 h5 17.Qf3 g6 18.Rad1 Rab8 19.Qg3 h4 20.Qg5+ Kf8 21.h3 Rh5 22.Qg4 Nb6
23.c4 Rd8 24.b3 Kg7 25.f5 exf5 26.Rxf5 Rxf5 27.Nxf5+ Kf8 28.Nd6 Nc8 29.Qxh4 Kg8
30.Qf4 Qe7 31.Rd3 Nxd6 32.exd6 Qe6 33.h4 Kg7 34.Kf2 Rd7 35.Rd5 Rd8 36.Rd3 b6
37.Kg3 b5 38.Kf2 bxc4 39.bxc4 Rd7 40.Rd5 Rd8 41.Kf3 Rd7 42.a4 Qe1 43.Qe5+ Qxe5
44.Rxe5 Rxd6 45.Rxc5 Rd4 46.g4 f5 47.Rc7+ Kf8 48.gxf5 gxf5 49.h5 Rh4 50.c5 Rxh5
51.Kf4 Ke8 52.a5 Kd8 53.Rc6 Kd7 54.Rxa6 Rh1 55.Rd6+ Kc7 56.Ke5 Ra1 57.a6 f4
58.Rf6 f3 59.Rxf3 Rxa6 60.Rf7+ Kc8 61.Kd5 Rh6 62.Kc4 Rg6 63.Kb5 Rh6 64.Re7 Rg6
65.Ra7 Rh6 66.Ra8+ Kc7 67.Re8 Rg6 68.Re7+ Kc8 69.Ka5 Rh6 70.Rg7 Rf6 71.Rh7 Rg6
72.Kb5 Rf6 73.Kc4 Rg6 74.Kd4 Rf6 75.Ke5 Rc6 76.Rh8+ Kc7 77.Kd5 Rg6 78.Kc4 Rf6
79.Kb5 Rg6 80.Rh5 Rf6 81.c6 Rf1 82.Rh7+ Kc8 83.Rh5 Kc7 84.Rh7+ Kc8 85.Rd7 Rb1+
86.Kc5 Rc1+ 87.Kd6 Rd1+ 88.Ke7 Re1+ 89.Kf8 Rc1 90.Rd6 Kc7 91.Rf6 Rxc6  1/2-1/2

[Event "Leiner op"]
[Site "Leiner"]
[Date "1996.??.??"]
[Round "9"]
[White "Grosar, Aljosa"]
[Black "Groszpeter, Attila"]
[Result "1-0"]
[WhiteElo "2470"]
[BlackElo "2565"]

1.e4 c5 2.Nf3 d6 3.Bb5+ Bd7 4.Bxd7+ Nxd7 5.O-O Ngf6 6.Qe2 e6 7.b3 Be7 8.Bb2 O-O
9.c4 a6 10.d4 cxd4 11.Nxd4 Qb6 12.Nc2 Rfc8 13.Nc3 Qa5 14.Rad1 b5 15.b4 Qc7
16.cxb5 axb5 17.Qxb5 Ne8 18.Qd3 Bf6 19.Nd4 Qb6 20.Ndb5 Ne5 21.Qb1 Nc4 22.Ba1 Rcb8
23.Qd3 Bxc3 24.Nxc3 Ne5 25.Qg3 Qxb4 26.f4 Nc4 27.Kh1 Qc5 28.Rd3 Rb7 29.h3 Rab8
30.f5 Ne5 31.Na4 Qc4 32.Bxe5 dxe5 33.Nc3 exf5 34.Rxf5 f6 35.Rf1 Kh8 36.Rfd1 Qf7
37.Rd8 Qe7 38.Qd3 Rxd8 39.Qxd8 Kg8 40.Qc8 Kf8 41.Rd8  1-0

[Event "Anibal op 3rd"]
[Site "Linares"]
[Date "1996.??.??"]
[Round "?"]
[White "Hernandez, Gilberto"]
[Black "Marin, Mihail"]
[Result "1/2-1/2"]
[WhiteElo "2555"]
[BlackElo "2545"]

1.e4 c5 2.Nf3 d6 3.Bb5+ Nd7 4.c3 Nf6 5.Qe2 a6 6.Ba4 e5 7.d4 b5 8.Bc2 Be7
9.O-O O-O 10.Rd1 Qc7 11.dxe5 dxe5 12.Bg5 c4 13.Nbd2 Nc5 14.Bh4 Nh5 15.Bxe7 Nf4
16.Qe3 Qxe7 17.g3 Ng6 18.b4 Nd7 19.a4 Bb7 20.axb5 axb5 21.Ra7 Rfb8 22.Rda1 Qd6
23.Rxa8 Rxa8 24.Rxa8+ Bxa8 25.Qa7 Bc6 26.Kf1 Qb8 27.Qxb8+ Nxb8 28.Ke2 Nd7
29.Ke3 f6 30.Ng1 Ne7 31.f4  1/2-1/2

[Event "SWE-chB1"]
[Site "Linkoping"]
[Date "1996.??.??"]
[Round "?"]
[White "Sundell, Bo"]
[Black "Eriksson, Johan"]
[Result "0-1"]
[WhiteElo "2090"]
[BlackElo "2310"]

1.e4 c5 2.Nf3 d6 3.Bb5+ Bd7 4.Bxd7+ Nxd7 5.O-O Ngf6 6.Qe2 e6 7.c3 Be7 8.d4 cxd4
9.cxd4 d5 10.e5 Ne4 11.Ne1 Qb6 12.Be3 f6 13.f3 Ng5 14.Nc3 fxe5 15.dxe5 Bc5
16.Bxc5 Nxc5 17.Qb5+ Ke7 18.Qxb6 axb6 19.b4 Na4 20.Nb5 Nf7 21.Nd3 Rhc8 22.Rfc1 Rc4
23.Rxc4 dxc4 24.Nf4 Rc8 25.Re1 g5 26.Ne2 Nb2 27.Nec3 Nd3 28.Re4 Nxb4 29.h4 h6
30.Na7 Rc7 31.Na4 Nd5 32.Nb5 Rc8 33.Nac3 Rc5 34.hxg5 hxg5 35.Kf2 Nxc3 36.Nxc3 Nxe5
37.a4 Nd7 38.Ke3 Nf6 39.Rd4 Nd5+ 40.Kd2 Nf4 41.g3 Nh5 42.Ne4 e5 43.Rd6 Nxg3
44.Rxb6 Nxe4+ 45.fxe4 Rc7 46.Rg6 Rd7+ 47.Kc3 Rd4 48.Rxg5 Kd6 49.a5 Rxe4 50.Rg7 Kc6
51.Re7 b5 52.axb6 Kxb6 53.Re8 Kc6 54.Rc8+ Kd5 55.Rd8+ Kc5 56.Rc8+ Kd5 57.Rd8+ Ke6
58.Rc8 Kf5 59.Rf8+ Kg4 60.Rf7 Kg3 61.Rf5 Kg4 62.Rf8 Rd4 63.Rf7 Rd3+ 64.Kxc4 e4
65.Rf8 Rd7 66.Kc3 e3 67.Kc2 e2 68.Re8 Kf3 69.Rf8+ Ke3 70.Re8+ Kf2 71.Rf8+ Ke1
72.Ra8 Rd5 73.Ra2 Re5  0-1